000 00549nam a2200205Ia 4500
001 16596
003 GE_BSU
008 181216s||||||||xx |||||||||||||| ||und||
040 _cGE_BSU
080 _a821.353.1-32
100 _aლორია, პარმენ
245 _aკვალდაკვალ
260 _aბათუმი
260 _bსაბჭ. აჭარა
260 _c1982
300 _a147გვ. ; 20სმ
653 _aკვალდაკვალ
653 _aმოთხრობები
942 _cBK
999 _c49664
_d49664